| 000 | 01136cam a22003014a 4500 | ||
|---|---|---|---|
| 001 | 16851027 | ||
| 003 | OSt | ||
| 005 | 20230926131953.0 | ||
| 008 | 110630s2012 enka b 001 0 eng | ||
| 010 | _a 2011027630 | ||
| 020 | _a9780273738107 (pbk.) | ||
| 040 |
_aDLC _cDLC _dDLC |
||
| 042 | _apcc | ||
| 050 | 0 | 0 |
_aBF39 _b.S7866 2012 |
| 082 | 0 | 0 |
_a150.15195 _bSTE/S |
| 100 | 1 | _aSteele, Catherine. | |
| 245 | 1 | 0 |
_aStatistics in psychology / _cCatherine Steele, Holly Andrews, Dominic Upton ; series editor, Dominic Upton. |
| 260 |
_aHarlow, England ; _aNew York : _bPrentice Hall/Pearson, _c2012. |
||
| 300 |
_axv, 180 p. : _bcol. ill. ; _c24 cm. |
||
| 490 | 0 | _aPsychology express | |
| 504 | _aIncludes bibliographical references (p. 176) and index. | ||
| 650 | 0 |
_aPsychology _xStatistical methods. |
|
| 700 | 1 | _aAndrews, Holly. | |
| 700 | 1 | _aUpton, Dominic. | |
| 906 |
_a7 _bcbc _corignew _d1 _eecip _f20 _gy-gencatlg |
||
| 942 |
_2ddc _cBK _h150.15195 _iSTE/S _k150.15195 _mSTE/S |
||
| 999 |
_c42432 _d42432 |
||